| 000 | 00840nas a2200265 4500 | ||
|---|---|---|---|
| 001 | BR8101841 | ||
| 003 | BR-BrBNA | ||
| 005 | 20231205084610.0 | ||
| 007 | ta | ||
| 008 | 230509b bl.|||p| |||| 00| 00por d | ||
| 040 |
_aBR-BrBNA _bpor _cBiblioteca Nacional de Agricultura |
||
| 041 | _a(Pt) | ||
| 072 | _aL50 | ||
| 100 | 1 | _aGallivan, G.J. | |
| 100 | 1 | _aBest, R.C. | |
| 245 | 1 | _aMetabolismo e respiracao do peixe-boi da Amazonia (Trichechus inunguis)[Brasil] | |
| 246 | 1 | _a[Metabolism and respiration of Amazonian manatees (Trichechus inunguis)[Brazil]] | |
| 650 | _aFisiologia animal | ||
| 650 | _aPeixe-boi | ||
| 650 | _aRespiracao | ||
| 650 | _aAmazonia | ||
| 773 | 0 |
_tActa Amazonica (Brazil) _xISSN 0044-5967 _g(Mar 1981), v. 11(1) p. 103-111 _wBR8101841 |
|
| 909 |
_a202311 _bLúcia _c55 _dLúcia Elande |
||
| 942 |
_2AGRIS _n0 _cANA |
||
| 999 |
_c106165 _d106165 |
||